Ainoa Aasian valtio... - Statistics

Yleistilastot
  • Tätä visaa on pelattu 678 kertaa
  • Keskiarvotulos 13 / 20
Vastaustilastot
Ainoa Aasian valtio, Valtio % Oikein
joka on juutalaisenemmistöinen Israel
94%
jota vastaan on hyökätty ydinaseilla Japani
90%
joka sijaitsee seka Välimeren että Mustanmeren rannalla Turkki
88%
jonka BKT on yli 10 biljoonaa euroa Kiina
86%
joka alkaa O-kirjaimella Oman
84%
jossa yli 30 miljoonaa ihmistä elää äärimmäisessä köyhyydessä Intia
83%
joka on periaatteessa sodassa eteläisen naapurimaansa kanssa Pohjois-Korea
79%
joka alkaa kirjaimella G Georgia
77%
joka kuuluu Euroopan unioniin Kypros
72%
jolla on maa-alueita päiväntasaajalla Indonesia
71%
jonka väestöstä yli 30 prosenttia elää ainakin osittaista paimentolaiselämää Mongolia
67%
jossa on enemmän kuin yksi pilvenpiirtäjä kymmentä neliökilometriä kohden Singapore
64%
jonka pääkaupunki alkaa H-kirjaimella Vietnam
59%
joka rajautuu sekä Kaspianmereen että Persianlahteen Iran
58%
jonka pääkaupunki sijaitsee yli 2500 metrin korkeudella merenpinnasta Bhutan
56%
jonka kaikki naapurimaat ovat sisämaavaltioita Uzbekistan
43%
joka on nimetty Espanjan kuninkaan mukaan Filippiinit
38%
jossa portugali on virallinen kieli Itä-Timor
36%
joka on menettänyt paikkansa YK:ssa Taiwan
30%
jonka väkiluku oli pienempi vuonna 1980 kuin vuonna 1975 Kambodža
27%
Ehtoja vastaavia visoja ei löytynyt
Tulosjakauma
Jokaisen tuloksen saaneiden osuus
Persentiili vastausten määrän mukaan
Tuloshistoriasi
Et ole pelannut tätä visaa